[Event "1st EUR-ch"]
[Site "Saint Vincent ITA"]
[Date "2000.07.11"]
[Round "8"]
[White "Salmensuu, Olli"]
[Black "Aldrovandi, Costantino"]
[Result "0-1"]
[WhiteElo "2458"]
[BlackElo "2351"]
[EventDate "2000.07.03"]
[PlyCount "64"]

1.e4 c5 2.Nf3 d6 3.d4 cxd4 4.Nxd4 Nf6 5.f3 e5 6.Nb3 Be6 7.Nc3 Be7 8.Be3 
O-O 9.Qd2 Nc6 10.Nd5 Bxd5 11.exd5 Nb8 12.Be2 Nh5 13.O-O f5 14.c4 Nd7 15.
Na5 f4 16.Bf2 Bh4 17.Bxh4 Qxh4 18.Nxb7 Rf6 19.c5 Ng3 20.Rfc1 e4 21.cxd6 e3
22.hxg3 Qxg3 23.Qe1 Qg5 24.Rc7 Qh5 25.Bc4 Re8 26.Kf1 Rg6 27.Rxd7 e2+ 28.
Kf2 Qh2 29.Qh1 Qg3+ 30.Kg1 e1=Q+ 31.Rxe1 Qxe1+ 32.Kh2 Rh6# 0-1

[Event "1st EUR-ch"]
[Site "Saint Vincent ITA"]
[Date "2000.07.11"]
[Round "8"]
[White "Smirin, Ilia"]
[Black "Mikhalevski, Victor"]
[Result "1-0"]
[WhiteElo "2677"]
[BlackElo "2532"]
[EventDate "2000.07.03"]
[PlyCount "73"]

1.c4 Nf6 2.Nf3 g6 3.Nc3 d5 4.Qa4+ Bd7 5.Qb3 dxc4 6.Qxc4 a6 7.e4 Bc6 8.d3 
Bg7 9.Be2 O-O 10.h3 b5 11.Qb3 Nbd7 12.Be3 e6 13.a4 bxa4 14.Nxa4 Bb5 15.Nc3
c5 16.O-O Rb8 17.Qa3 Re8 18.Rfd1 Bf8 19.Qa2 Qc7 20.Rac1 Qb7 21.Nd2 Ne5 22.
Nxb5 Qxb5 23.d4 Qxe2 24.dxe5 Nd7 25.Nc4 Nb6 26.Rd2 Qh5 27.Nd6 Red8 28.f4 
Nd7 29.Qxa6 g5 30.Nb7 gxf4 31.Bxf4 Qh4 32.g3 Qxh3 33.Nxd8 c4 34.Rxc4 Rxd8 
35.Qa7 Rb8 36.Qxd7 Rb3 37.Rc8 1-0

[Event "1st EUR-ch"]
[Site "Saint Vincent ITA"]
[Date "2000.07.11"]
[Round "8"]
[White "Sorensen, Jan"]
[Black "Dervishi, Erald"]
[Result "1-0"]
[WhiteElo "2399"]
[BlackElo "2478"]
[EventDate "2000.07.03"]
[PlyCount "97"]

1.e4 e5 2.Nc3 Nf6 3.f4 d5 4.fxe5 Nxe4 5.Nf3 Be7 6.Qe2 Nxc3 7.dxc3 O-O 8.
Bf4 c5 9.O-O-O Nc6 10.h4 Bf5 11.Qf2 Qa5 12.Kb1 Qa4 13.Bg5 Rad8 14.Bd3 Bxd3
15.Rxd3 b6 16.Qg3 Qe4 17.Re1 Qf5 18.Bxe7 Nxe7 19.e6 fxe6 20.Ng5 Rf6 21.Rf3
Qg6 22.h5 Rxf3 23.gxf3 Qxh5 24.Nxe6 Nf5 25.Qg4 Qxg4 26.fxg4 Rd7 27.gxf5 
Kf7 28.Kc1 h6 29.b4 Kf6 30.bxc5 bxc5 31.Nxc5 Rc7 32.Ne6 Rxc3 33.Nd4 Rc4 
34.Re6+ Kg5 35.Rg6+ Kf4 36.Ne2+ Kxf5 37.Rxg7 a5 38.Rd7 Ke5 39.Kd2 h5 40.
Rh7 Rh4 41.Re7+ Kd6 42.Re3 Kc5 43.Re5 Kc4 44.Kc1 a4 45.a3 Rh1+ 46.Kb2 h4 
47.Rh5 h3 48.Rh4+ Kc5 49.Nf4 1-0

[Event "1st EUR-ch"]
[Site "Saint Vincent ITA"]
[Date "2000.07.11"]
[Round "8"]
[White "Vukovic, Zdravko"]
[Black "Manca, Federico"]
[Result "1-0"]
[WhiteElo "2471"]
[BlackElo "2396"]
[EventDate "2000.07.03"]
[PlyCount "59"]

1.e4 e5 2.Nf3 Nc6 3.d4 exd4 4.Nxd4 Bc5 5.Be3 Qf6 6.c3 Nge7 7.Bc4 O-O 8.O-O
Ne5 9.Be2 Qg6 10.Nd2 d5 11.Bh5 Qd6 12.Kh1 f5 13.f4 Ng4 14.Bxg4 fxg4 15.f5 
h5 16.Qe1 Bxd4 17.Bxd4 Nc6 18.e5 Qh6 19.Be3 Qh7 20.f6 Be6 21.Qh4 g6 22.
Rae1 Kf7 23.c4 Rae8 24.Bc5 Rg8 25.cxd5 Bxd5 26.e6+ Bxe6 27.Ne4 g5 28.Nxg5+
Rxg5 29.Qxg5 Rg8 30.Qf4 1-0

[Event "1st EUR-ch"]
[Site "Saint Vincent ITA"]
[Date "2000.07.12"]
[Round "9"]
[White "Aldrovandi, Costantino"]
[Black "Handke, Florian"]
[Result "1-0"]
[WhiteElo "2351"]
[BlackElo "2455"]
[EventDate "2000.07.03"]
[PlyCount "69"]

1.e4 c5 2.c3 Nf6 3.e5 Nd5 4.d4 cxd4 5.cxd4 Nc6 6.Nf3 d6 7.Bc4 Nb6 8.Bb5 
Bd7 9.Nc3 e6 10.O-O Be7 11.exd6 Bxd6 12.d5 exd5 13.Nxd5 Ne5 14.Nxb6 Bxb5 
15.Nxa8 Bxf1 16.Nxe5 Bxe5 17.Qxf1 O-O 18.Be3 Qa5 19.Rc1 Bxb2 20.Rc2 Qxa2 
21.Bc1 Rxa8 22.Rxb2 Qd5 23.Be3 a5 24.Qb1 h6 25.Rxb7 a4 26.Rb5 Qd6 27.Rb6 
Qd5 28.Rb2 h5 29.h4 a3 30.Ra2 Ra4 31.Qb8+ Kh7 32.Qb1+ Kg8 33.g3 f5 34.Rd2 
Qe5 35.Qb3+ 1-0

[Event "1st EUR-ch"]
[Site "Saint Vincent ITA"]
[Date "2000.07.12"]
[Round "9"]
[White "Alexandrov, Alexei"]
[Black "Milov, Vadim"]
[Result "1-0"]
[WhiteElo "2591"]
[BlackElo "2626"]
[EventDate "2000.07.03"]
[PlyCount "90"]

1.d4 Nf6 2.c4 e6 3.Nc3 Bb4 4.e3 c5 5.Bd3 Nc6 6.Nf3 Bxc3+ 7.bxc3 d6 8.O-O 
e5 9.e4 cxd4 10.cxd4 exd4 11.h3 O-O 12.Bb2 Qb6 13.Rb1 Qc5 14.Nd2 Re8 15.f4
a5 16.Qf3 a4 17.Ba1 Ra5 18.Rfe1 Nd7 19.Kh1 Qh5 20.Qf2 Nc5 21.Bf1 Qh6 22.e5
dxe5 23.fxe5 Rd8 24.a3 Qg6 25.Qh4 Ne6 26.Nf3 h6 27.Rb5 d3 28.Bc3 Rxb5 29.
cxb5 d2 30.Nxd2 Ncd4 31.Ne4 Nc2 32.Rc1 Ne3 33.Nd6 Nxf1 34.Rxf1 Ng5 35.Ba5 
Rf8 36.Qxa4 Be6 37.Qd4 Ra8 38.Bb4 Qh5 39.Qd1 Qh4 40.Be1 Qa4 41.Qxa4 Rxa4 
42.Bb4 b6 43.Rc1 Ra7 44.h4 Nh7 45.Rc6 Rb7 1-0

[Event "1st EUR-ch"]
[Site "Saint Vincent ITA"]
[Date "2000.07.12"]
[Round "9"]
[White "Bauer, Christian"]
[Black "David, Alberto"]
[Result "1/2-1/2"]
[WhiteElo "2562"]
[BlackElo "2487"]
[EventDate "2000.07.03"]
[PlyCount "54"]

1.e4 c5 2.Nf3 d6 3.d4 cxd4 4.Nxd4 Nf6 5.Nc3 e6 6.g4 h6 7.h4 Be7 8.Qf3 Nc6 
9.Bb5 Bd7 10.Bxc6 bxc6 11.g5 hxg5 12.hxg5 Rxh1+ 13.Qxh1 Ng4 14.Qg2 Ne5 15.
f4 Nc4 16.Nde2 Qa5 17.Qh3 d5 18.e5 O-O-O 19.a3 c5 20.b3 Nb6 21.Bd2 Qa6 22.
Qh7 d4 23.Ne4 Bc6 24.Nd6+ Bxd6 25.exd6 Bf3 26.Ng1 Qb7 27.c3 g6 1/2-1/2

[Event "1st EUR-ch"]
[Site "Saint Vincent ITA"]
[Date "2000.07.12"]
[Round "9"]
[White "Berg, Emanuel"]
[Black "Morovic, Ivan"]
[Result "1-0"]
[WhiteElo "2456"]
[BlackElo "2608"]
[EventDate "2000.07.03"]
[PlyCount "75"]

1.e4 e5 2.Nf3 Nc6 3.d4 exd4 4.Nxd4 Bc5 5.Be3 Qf6 6.c3 Qg6 7.Nd2 Nf6 8.f3 
d5 9.Bb5 Qxg2 10.Rg1 Qxh2 11.Rxg7 Bd7 12.Qb3 Qh4+ 13.Kd1 Bxd4 14.cxd4 
O-O-O 15.Kc2 Ne8 16.Rxf7 Nd6 17.Rxd7 Rxd7 18.Bxc6 bxc6 19.Qa4 dxe4 20.Qxa7
Rdd8 21.d5 cxd5 22.Rg1 Kd7 23.Rg7+ Ke6 24.Bg5 Qh2 25.Qd4 Rhf8 26.Re7+ Kf5 
27.Qxd5+ Kg6 28.Re6+ Kg7 29.Bxd8 Nf5 30.Qd7+ Kg8 31.Rxe4 Qh6 32.Qd5+ Kh8 
33.Qe5+ Ng7 34.Bg5 Qc6+ 35.Qc3 Qg6 36.Be3 Rxf3 37.Nxf3 Qxe4+ 38.Qd3 1-0

[Event "1st EUR-ch"]
[Site "Saint Vincent ITA"]
[Date "2000.07.12"]
[Round "9"]
[White "Fedorov, Alexei"]
[Black "Conquest, Stuart"]
[Result "1/2-1/2"]
[WhiteElo "2646"]
[BlackElo "2529"]
[EventDate "2000.07.03"]
[PlyCount "87"]

1.e4 Nc6 2.Nc3 e6 3.d4 Bb4 4.a3 Bxc3+ 5.bxc3 d6 6.Bd3 e5 7.Ne2 Nge7 8.O-O 
O-O 9.f4 f5 10.d5 Nb8 11.fxe5 dxe5 12.exf5 Qxd5 13.Ng3 Nd7 14.Qe2 Kh8 15.
c4 Qc6 16.Kh1 Ng8 17.Ne4 b6 18.c5 Bb7 19.cxb6 axb6 20.Bb2 Ngf6 21.Ng5 Ra5 
22.Ne6 Rfa8 23.a4 Ba6 24.Bb5 Bxb5 25.axb5 Qe4 26.Qxe4 Nxe4 27.Rad1 Nef6 
28.Rfe1 Ra2 29.Ra1 R8a5 30.Bc3 R5a3 31.h3 h6 32.Rxa2 Rxa2 33.Re2 Ne8 34.
Rd2 Nef6 35.Re2 Ra4 36.Bxe5 Nxe5 37.Rxe5 Rc4 38.Re3 Rxc2 39.Ra3 Kg8 40.
Ra8+ Kf7 41.Kh2 g6 42.Rf8+ Ke7 43.fxg6 Kxe6 44.g7 1/2-1/2

[Event "1st EUR-ch"]
[Site "Saint Vincent ITA"]
[Date "2000.07.12"]
[Round "9"]
[White "Fressinet, Laurent"]
[Black "Krasenkow, Michal"]
[Result "1/2-1/2"]
[WhiteElo "2536"]
[BlackElo "2702"]
[EventDate "2000.07.03"]
[PlyCount "81"]

1.e4 c5 2.Nf3 Nc6 3.Bb5 e6 4.O-O Nge7 5.c3 a6 6.Be2 d5 7.exd5 Nxd5 8.d4 
Be7 9.c4 Nf6 10.dxc5 Qc7 11.a3 a5 12.Nc3 Bxc5 13.Bg5 O-O 14.Qc1 Nd7 15.Ne4
f6 16.Be3 b6 17.Rd1 Bb7 18.Nxc5 Nxc5 19.Qc3 a4 20.Nd2 Na5 21.Re1 Rfd8 22.
Rad1 Rd6 23.Nf3 e5 24.Rxd6 Qxd6 25.Rd1 Qe6 26.Qb4 Nab3 27.h3 Qc6 28.Qb5 
Qc7 29.Qb4 Rd8 30.Rxd8+ Qxd8 31.Qc3 Qd6 32.Nd2 Nd4 33.Bd1 f5 34.f3 f4 35.
Bf2 Qd8 36.Kh2 Kf7 37.b4 axb3 38.Nxb3 Ndxb3 39.Bxb3 Qd6 40.Bc2 h6 41.Qb4 
1/2-1/2

[Event "1st EUR-ch"]
[Site "Saint Vincent ITA"]
[Date "2000.07.12"]
[Round "9"]
[White "Galkin, Alexander"]
[Black "Efimov, Igor"]
[Result "1-0"]
[WhiteElo "2587"]
[BlackElo "2520"]
[EventDate "2000.07.03"]
[PlyCount "125"]

1.e4 g6 2.d4 Bg7 3.Nc3 d6 4.Be3 Nc6 5.h3 e5 6.Nf3 exd4 7.Nxd4 Nge7 8.Qd2 
O-O 9.O-O-O a6 10.g4 b5 11.Nxc6 Nxc6 12.Bh6 Bxh6 13.Qxh6 Be6 14.f4 b4 15.
Nd5 Bxd5 16.exd5 Nb8 17.g5 f5 18.h4 Nd7 19.h5 Qe8 20.Bd3 Nc5 21.Rde1 Qf7 
22.hxg6 Qxg6 23.Re7 Rf7 24.Qxg6+ hxg6 25.Rxf7 Kxf7 26.Rh7+ Kg8 27.Rxc7 Re8
28.Rc6 Re3 29.Rxd6 Kf7 30.Rf6+ Kg7 31.Kd2 Rf3 32.Rc6 Nxd3 33.cxd3 Rxf4 34.
d6 Kf7 35.Rxa6 Rf2+ 36.Kc1 f4 37.d7 Ke7 38.Rxg6 Kxd7 39.Rb6 f3 40.Rf6 b3 
41.axb3 Rg2 42.Rxf3 Rxg5 43.Rf4 Kc6 44.Kc2 Rh5 45.Kc3 Kb5 46.Rb4+ Kc6 47.
Rc4+ Kb5 48.b4 Rh1 49.Rc5+ Kb6 50.d4 Rh3+ 51.Kc4 Rh2 52.Kb3 Rh4 53.Kc4 Rh2
54.b3 Rc2+ 55.Kd3 Rb2 56.Kc3 Rb1 57.b5 Ka5 58.Kc4 Rc1+ 59.Kd5 Rh1 60.Rc8 
Kb6 61.Rb8+ Kc7 62.Rg8 Kb6 63.Kc4 1-0

[Event "1st EUR-ch"]
[Site "Saint Vincent ITA"]
[Date "2000.07.12"]
[Round "9"]
[White "Gdanski, Jacek"]
[Black "Drei, Andrea"]
[Result "1-0"]
[WhiteElo "2557"]
[BlackElo "2350"]
[EventDate "2000.07.03"]
[PlyCount "69"]

1.Nf3 Nf6 2.g3 b6 3.Bg2 Bb7 4.O-O e6 5.c4 Be7 6.Nc3 O-O 7.Re1 Ne4 8.Nxe4 
Bxe4 9.d3 Bb7 10.d4 Be4 11.Bh3 Nc6 12.Nd2 Bg6 13.d5 exd5 14.cxd5 Nd4 15.
Ne4 c5 16.Bg2 d6 17.e3 Nb5 18.Nd2 f5 19.Nc4 Nc7 20.a4 Qd7 21.Bd2 Rab8 22.
Bc3 Bf7 23.Qd2 b5 24.axb5 Nxb5 25.Ra6 Nxc3 26.bxc3 Qb5 27.Rxa7 Qxc4 28.
Rxe7 Rb3 29.Rd7 Rxc3 30.Bf1 Qb3 31.Rxd6 Ra8 32.Rd7 Be8 33.Re7 Kf8 34.d6 
Ra2 35.d7 1-0

[Event "1st EUR-ch"]
[Site "Saint Vincent ITA"]
[Date "2000.07.12"]
[Round "9"]
[White "Gelashvili, Tamaz"]
[Black "Beshukov, Sergei"]
[Result "1-0"]
[WhiteElo "2519"]
[BlackElo "2428"]
[EventDate "2000.07.03"]
[PlyCount "127"]

1.e4 c5 2.b3 b6 3.Bb2 Bb7 4.Nc3 Nc6 5.f4 e6 6.Nf3 Nge7 7.d3 d5 8.g3 d4 9.
Ne2 Nc8 10.Bg2 Be7 11.O-O O-O 12.Qd2 Nd6 13.a4 f5 14.e5 Ne8 15.c3 dxc3 16.
Bxc3 Nc7 17.Rfd1 Nd5 18.d4 Nxc3 19.Qxc3 Nb4 20.dxc5 Bxc5+ 21.Nfd4 Nd5 22.
Qd3 Qe7 23.Kh1 Rfd8 24.a5 a6 25.axb6 Bxb6 26.Rac1 Qd7 27.h3 a5 28.Kh2 Nb4 
29.Qb5 Qxb5 30.Nxb5 Bxg2 31.Kxg2 Nd5 32.Kf3 a4 33.bxa4 Rxa4 34.Rc6 Rb8 35.
Rxe6 Nb4 36.Nec3 Ra5 37.Red6 Raa8 38.g4 fxg4+ 39.hxg4 Bc5 40.Rd7 Na2 41.
Nxa2 Rxb5 42.Nc1 Bf8 43.R1d5 Rxd5 44.Rxd5 Kf7 45.Ne2 Be7 46.Ke4 Ra1 47.Rd7
Ke8 48.Rc7 Re1 49.Kf3 Rd1 50.Rc4 Rf1+ 51.Kg2 Re1 52.Kf2 Bh4+ 53.Ke3 Bd8 
54.Rc1 Rxc1 55.Nxc1 h6 56.Nd3 Bb6+ 57.Ke4 Ke7 58.Kf5 Kf7 59.e6+ Ke7 60.Kg6
Bd4 61.f5 Kf8 62.Nf4 Be3 63.Nh5 Bd4 64.Nxg7 1-0

[Event "1st EUR-ch"]
[Site "Saint Vincent ITA"]
[Date "2000.07.12"]
[Round "9"]
[White "Georgiev, Kiril"]
[Black "Kempinski, Robert"]
[Result "1-0"]
[WhiteElo "2661"]
[BlackElo "2498"]
[EventDate "2000.07.03"]
[PlyCount "65"]

1.e4 c5 2.Nf3 d6 3.d4 cxd4 4.Nxd4 Nf6 5.Nc3 a6 6.Be3 Ng4 7.Bg5 h6 8.Bh4 g5
9.Bg3 Bg7 10.h3 Nf6 11.Qf3 g4 12.hxg4 Bxg4 13.Qe3 Nc6 14.Nxc6 bxc6 15.e5 
Nd5 16.Nxd5 cxd5 17.Bd3 dxe5 18.Bxe5 f6 19.Bg6+ Kf8 20.Bd4 Qd6 21.Kf1 Rc8 
22.Re1 e5 23.Qg3 Qd7 24.Bc3 Bf5 25.Rh5 Bxg6 26.Qxg6 d4 27.Bd2 Qf7 28.Qf5 
Rxc2 29.Qxc2 Qxh5 30.Qc4 Qf7 31.Qc8+ Qe8 32.Qf5 Qb8 33.Qe6 1-0

[Event "1st EUR-ch"]
[Site "Saint Vincent ITA"]
[Date "2000.07.12"]
[Round "9"]
[White "Gershon, Alik"]
[Black "Anastasian, Ashot"]
[Result "1-0"]
[WhiteElo "2502"]
[BlackElo "2571"]
[EventDate "2000.07.03"]
[PlyCount "89"]

1.d4 Nf6 2.c4 e6 3.Nf3 b6 4.a3 Bb7 5.Nc3 g6 6.Qc2 Bxf3 7.exf3 Bg7 8.Be3 
O-O 9.h4 Nc6 10.O-O-O d5 11.cxd5 exd5 12.g4 Na5 13.h5 Re8 14.hxg6 hxg6 15.
Bd3 c6 16.Rh3 Nc4 17.Bg5 Qd6 18.Bxg6 fxg6 19.Qxg6 Kf8 20.Rdh1 Re6 21.Bxf6 
Qf4+ 22.Kb1 Rxf6 23.Rh8+ Bxh8 24.Rxh8+ Ke7 25.Qh7+ Rf7 26.Qh4+ Kd6 27.Rxa8
Qd2 28.Qd8+ Ke6 29.Qe8+ Kf6 30.Qh8+ Ke6 31.Re8+ Kd7 32.Rd8+ Ke7 33.Qe8+ 
Kf6 34.Qh8+ Ke7 35.Re8+ Kd7 36.Rd8+ Ke7 37.Qe8+ Kf6 38.Ne4+ dxe4 39.Qxc6+ 
Kg7 40.Qxc4 exf3 41.Qc8 Qxf2 42.Rg8+ Kh7 43.Rh8+ Kg7 44.Qg8+ Kf6 45.Rh6+ 
1-0

[Event "1st EUR-ch"]
[Site "Saint Vincent ITA"]
[Date "2000.07.12"]
[Round "9"]
[White "Jonkman, Harmen"]
[Black "Lalic, Bogdan"]
[Result "1/2-1/2"]
[WhiteElo "2424"]
[BlackElo "2520"]
[EventDate "2000.07.03"]
[PlyCount "40"]

1.e4 c5 2.c3 Nf6 3.e5 Nd5 4.Nf3 e6 5.Bc4 d6 6.d4 cxd4 7.cxd4 Nc6 8.O-O Be7
9.Qe2 O-O 10.Qe4 Qc7 11.exd6 Qxd6 12.Rd1 Nf6 13.Qe2 Na5 14.Bd3 b6 15.Nc3 
Bb7 16.Bg5 Nd5 17.Ne4 Qd8 18.Bd2 Bb4 19.Bg5 Be7 20.Bd2 Bb4 1/2-1/2

[Event "1st EUR-ch"]
[Site "Saint Vincent ITA"]
[Date "2000.07.12"]
[Round "9"]
[White "Kharlov, Andrei"]
[Black "Hertneck, Gerald"]
[Result "1-0"]
[WhiteElo "2627"]
[BlackElo "2541"]
[EventDate "2000.07.03"]
[PlyCount "119"]

1.d4 d5 2.c4 c6 3.Nf3 Nf6 4.Qb3 g6 5.cxd5 Qxd5 6.Qxd5 Nxd5 7.e4 Nb4 8.Kd1 
Bg7 9.a3 N4a6 10.Nc3 Bg4 11.Be3 e5 12.dxe5 Nc7 13.Kc2 Nd7 14.Nd4 Bxe5 15.
f4 Bxd4 16.Bxd4 f6 17.h3 Be6 18.g4 O-O-O 19.Rd1 b6 20.Bg2 c5 21.Bf2 f5 22.
Bh4 Rde8 23.Bf3 fxg4 24.Bxg4 Rhf8 25.Rhf1 Bxg4 26.hxg4 Ne6 27.Kb1 Rxf4 28.
Rxf4 Nxf4 29.Nb5 Re6 30.Nxa7+ Kc7 31.Nb5+ Kc6 32.a4 h6 33.g5 hxg5 34.Bxg5 
Nh5 35.Bd8 Nhf6 36.e5 Nxe5 37.Nc7 Rd6 38.Rxd6+ Kxd6 39.Bxf6 Nd7 40.Bd8 c4 
41.Nb5+ Kc6 42.Ka2 Nc5 43.Ka3 Nd3 44.Bg5 Kc5 45.Be3+ Kc6 46.Nd4+ Kb7 47.
Nc2 Kc7 48.Bg1 g5 49.Ne3 b5 50.axb5 Kb6 51.Ka4 Nxb2+ 52.Kb4 Nd3+ 53.Kxc4 
Ne5+ 54.Kb4 Nd3+ 55.Kc3 Nf4 56.Kc4 Nh3 57.Nd5+ Kb7 58.Be3 g4 59.Nc3 g3 60.
Ne2 1-0

[Event "1st EUR-ch"]
[Site "Saint Vincent ITA"]
[Date "2000.07.12"]
[Round "9"]
[White "Macieja, Bartlomiej"]
[Black "Rasmussen, Karsten"]
[Result "1-0"]
[WhiteElo "2536"]
[BlackElo "2417"]
[EventDate "2000.07.03"]
[PlyCount "109"]

1.e4 c6 2.d4 d5 3.Nc3 dxe4 4.Nxe4 Bf5 5.Ng3 Bg6 6.h4 h6 7.Nf3 Nd7 8.h5 Bh7
9.Bd3 Bxd3 10.Qxd3 e6 11.Bf4 Ngf6 12.O-O-O Be7 13.Ne5 O-O 14.Kb1 Rc8 15.
Qe2 b5 16.Nxd7 Qxd7 17.Be5 Rfd8 18.Bxf6 Bxf6 19.Ne4 Qe7 20.Qe3 Rd5 21.f4 
Rcd8 22.c3 b4 23.g4 bxc3 24.bxc3 Qa3 25.Qc1 Qa4 26.Nxf6+ gxf6 27.Rhg1 c5 
28.g5 fxg5 29.fxg5 cxd4 30.gxh6+ Kh8 31.Qf4 Rf5 32.Qg3 Qb5+ 33.Ka1 Qe5 34.
Rxd4 Rc8 35.Rc4 Rb8 36.Qg7+ Qxg7 37.hxg7+ Kh7 38.Rh4 f6 39.h6 e5 40.c4 Rf2
41.Rhg4 Rg8 42.Rc1 f5 43.Rgg1 f4 44.c5 f3 45.c6 Rd2 46.c7 f2 47.Rgf1 Rc8 
48.Rb1 Re2 49.Rxf2 Rxf2 50.Rb8 Rf1+ 51.Kb2 Rf2+ 52.Ka1 Rf1+ 53.Kb2 Rf2+ 
54.Ka3 Rf3+ 55.Ka4 1-0

[Event "1st EUR-ch"]
[Site "Saint Vincent ITA"]
[Date "2000.07.12"]
[Round "9"]
[White "Mikhalevski, Alexander"]
[Black "Epishin, Vladimir"]
[Result "1/2-1/2"]
[WhiteElo "2464"]
[BlackElo "2567"]
[EventDate "2000.07.03"]
[PlyCount "126"]

1.d4 Nf6 2.c4 g6 3.Nc3 d5 4.Bf4 Bg7 5.e3 O-O 6.Nf3 c6 7.Qb3 e6 8.Bd3 Nbd7 
9.O-O Re8 10.Rfd1 Qe7 11.e4 dxe4 12.Bxe4 Nh5 13.Bg5 Qf8 14.Re1 e5 15.Nxe5 
Nxe5 16.dxe5 Rxe5 17.Be3 a5 18.Bd4 Re8 19.Bxg7 Nxg7 20.Bf3 Rxe1+ 21.Rxe1 
Qb4 22.Rd1 Bf5 23.Na4 Ne6 24.Qxb4 axb4 25.b3 Rd8 26.Rxd8+ Nxd8 27.Nc5 Kf8 
28.Be4 Bxe4 29.Nxe4 Ne6 30.f3 Ke7 31.Kf2 f5 32.Nd2 Nd4 33.g3 g5 34.Ke3 c5 
35.h3 h6 36.f4 g4 37.h4 Kd6 38.Kd3 Ne6 39.Nf1 Ng7 40.Ke2 Nh5 41.Kd3 Kc7 
42.Kc2 Kc6 43.Kd3 Kc7 44.Ke2 Kd7 45.Kd3 Nf6 46.Nd2 Kc6 47.Kc2 Ne8 48.Kd3 
Nd6 49.Kc2 Kb6 50.Kd3 Ka6 51.Kc2 Ka5 52.Kc1 b5 53.Kb2 Ka6 54.Kc2 bxc4 55.
bxc4 Ka5 56.Kb3 h5 57.a3 Ne4 58.Nf1 bxa3 59.Kxa3 Ka6 60.Kb3 Kb6 61.Ka3 Kc6
62.Kb3 Kd6 63.Ka4 Kc6 1/2-1/2

[Event "1st EUR-ch"]
[Site "Saint Vincent ITA"]
[Date "2000.07.12"]
[Round "9"]
[White "Mikhalevski, Victor"]
[Black "Odeev, Handszar"]
[Result "0-1"]
[WhiteElo "2532"]
[BlackElo "2442"]
[EventDate "2000.07.03"]
[PlyCount "66"]

1.Nf3 Nf6 2.c4 g6 3.Nc3 d5 4.Qa4+ Bd7 5.Qb3 dxc4 6.Qxc4 Bg7 7.e4 O-O 8.e5 
Ng4 9.d4 Be6 10.Qb5 Qc8 11.h3 Nh6 12.Bf4 c6 13.Qe2 f6 14.O-O-O b5 15.Kb1 
Na6 16.Rc1 Nb4 17.Qd2 Nf7 18.exf6 exf6 19.Nxb5 Bxa2+ 20.Ka1 a5 21.Bc4 Bxc4
22.Rxc4 Qe6 23.Na3 g5 24.Bg3 Rfe8 25.d5 Qxd5 26.Qxd5 cxd5 27.Rcc1 f5 28.
Rcd1 f4 29.Bh2 Re2 30.Nd4 Rxf2 31.g3 Bxd4 32.Rxd4 fxg3 33.Bxg3 Rf3 0-1

[Event "1st EUR-ch"]
[Site "Saint Vincent ITA"]
[Date "2000.07.12"]
[Round "9"]
[White "Romanishin, Oleg"]
[Black "Bunzmann, Dimitrij"]
[Result "1/2-1/2"]
[WhiteElo "2591"]
[BlackElo "2484"]
[EventDate "2000.07.03"]
[PlyCount "78"]

1.d4 e6 2.g3 c5 3.Nf3 b6 4.d5 exd5 5.Qxd5 Nc6 6.Bg2 Nf6 7.Qd1 Ba6 8.O-O 
Be7 9.Na3 b5 10.c4 bxc4 11.Qa4 Qa5 12.Qxa5 Nxa5 13.Bd2 Nb7 14.Nh4 g6 15.
Bc3 O-O 16.Rfd1 Rfe8 17.e4 d6 18.f4 Rad8 19.Bf3 Nd7 20.Ng2 Bf6 21.Rd2 Bxc3
22.bxc3 Nf6 23.Re1 Na5 24.e5 dxe5 25.Rxd8 Rxd8 26.fxe5 Ne8 27.Nf4 Nc7 28.
h4 Bc8 29.Rb1 Bf5 30.Rb2 Re8 31.Kf2 Kg7 32.Ng2 Rxe5 33.Ne3 Be4 34.Bxe4 
Rxe4 35.Nb5 Ne8 36.Nxa7 Re7 37.Nc8 Rc7 38.Nb6 Nd6 39.Kf3 f5 1/2-1/2

[Event "1st EUR-ch"]
[Site "Saint Vincent ITA"]
[Date "2000.07.12"]
[Round "9"]
[White "Sax, Gyula"]
[Black "Simonenko, Sergei"]
[Result "1-0"]
[WhiteElo "2563"]
[BlackElo "2465"]
[EventDate "2000.07.03"]
[PlyCount "87"]

1.e4 d5 2.exd5 Qxd5 3.Nc3 Qa5 4.d4 Nf6 5.Nf3 c6 6.Ne5 Be6 7.Bd3 Nbd7 8.
Nxd7 Bxd7 9.O-O Bg4 10.f3 Bh5 11.Qe1 Bg6 12.Bxg6 hxg6 13.Qe5 Qd8 14.Bf4 
Nh5 15.Be3 e6 16.Ne4 Be7 17.c4 Nf6 18.h3 Rh5 19.Qg3 Qb6 20.b3 O-O-O 21.
Rab1 Qa5 22.Qf2 Rd7 23.Rfd1 Nxe4 24.fxe4 Bh4 25.Qe2 Qc7 26.d5 Bg5 27.dxe6 
fxe6 28.Rxd7 Bxe3+ 29.Qxe3 Qxd7 30.Qxa7 c5 31.Qa8+ Kc7 32.Qa5+ Kc6 33.Qb5+
Kc7 34.Qxd7+ Kxd7 35.Kf2 Rh4 36.Kf3 g5 37.b4 Kd6 38.bxc5+ Ke5 39.Rb5 Rf4+ 
40.Kg3 Kxe4 41.Rxb7 Rf5 42.c6 Rc5 43.c7 Rxc4 44.Rb4 1-0

[Event "1st EUR-ch"]
[Site "Saint Vincent ITA"]
[Date "2000.07.12"]
[Round "9"]
[White "Tiviakov, Sergei"]
[Black "Vukovic, Zdravko"]
[Result "1-0"]
[WhiteElo "2608"]
[BlackElo "2471"]
[EventDate "2000.07.03"]
[PlyCount "87"]

1.e4 d5 2.exd5 Nf6 3.d4 Bg4 4.f3 Bf5 5.Bb5+ Nbd7 6.c4 e6 7.dxe6 fxe6 8.Ne2
c6 9.Ba4 Bd6 10.Nbc3 O-O 11.c5 Bc7 12.O-O Qb8 13.h3 Qe8 14.Bf4 e5 15.Qb3+ 
Kh8 16.Qxb7 Rc8 17.dxe5 Bxe5 18.Bxe5 Qxe5 19.Qb4 Nxc5 20.Qd4 Qe7 21.Ng3 
Bd3 22.Rfe1 Qc7 23.Qxc5 Qxg3 24.Rad1 Qg6 25.Qxa7 Bf5 26.Kh2 c5 27.Qe7 Rb8 
28.Qxc5 Nh5 29.Qd6 Qg5 30.Ne4 Qh4 31.Qd2 Nf4 32.b3 Bxh3 33.Qf2 Qh6 34.Rd6 
g6 35.gxh3 Nxh3 36.Qd4+ Kg8 37.Nf6+ Rxf6 38.Qxf6 Ng5+ 39.Kg1 Qh4 40.Rd8+ 
Rxd8 41.Qxd8+ Kg7 42.Qe7+ Kh6 43.Bc6 Nh3+ 44.Kh2 1-0

[Event "1st EUR-ch"]
[Site "Saint Vincent ITA"]
[Date "2000.07.12"]
[Round "9"]
[White "Tregubov, Pavel"]
[Black "Markowski, Tomasz"]
[Result "0-1"]
[WhiteElo "2620"]
[BlackElo "2568"]
[EventDate "2000.07.03"]
[PlyCount "228"]

1.d4 d6 2.Nf3 Nf6 3.g3 g6 4.Bg2 Bg7 5.O-O O-O 6.c4 Nc6 7.Nc3 Rb8 8.Bd2 a6 
9.Rc1 e5 10.dxe5 dxe5 11.Bg5 h6 12.Qxd8 Rxd8 13.Bxf6 Bxf6 14.Nd5 Bg7 15.
Rfd1 Be6 16.Nd2 Rbc8 17.Ne4 Bf8 18.Kf1 Kg7 19.Nec3 Nb8 20.h3 Nd7 21.Rc2 c6
22.Rcd2 Re8 23.g4 f5 24.gxf5 gxf5 25.Ne3 Nf6 26.Na4 Be7 27.Nb6 Rcd8 28.b3 
Rb8 29.Nc2 Rbd8 30.e3 Rxd2 31.Rxd2 Rd8 32.Rxd8 Bxd8 33.Na4 Nd7 34.Ke2 Kf6 
35.f4 e4 36.Nd4 Bf7 37.Kd2 Ba5+ 38.Kc2 Bb4 39.Bf1 Bg6 40.Kd1 Be7 41.Kd2 c5
42.Ne2 Ke6 43.Nec3 Kd6 44.Nd5 Bd8 45.Nac3 Bf7 46.a4 Nb8 47.Be2 Nc6 48.Bf1 
Na7 49.Be2 b5 50.axb5 axb5 51.Kc2 b4 52.Na4 Nc8 53.Nb2 Kc6 54.Kd2 Nd6 55.
Bf1 Nb7 56.Be2 Na5 57.Kc2 Bh4 58.Nd1 Nb7 59.Kd2 Nd6 60.Nb2 Ne8 61.Bd1 Ng7 
62.Ke2 Bd8 63.Ke1 Ne8 64.Be2 Nd6 65.Kd2 Nb7 66.Kc1 Kd6 67.Kc2 Na5 68.Nd1 
Nc6 69.Nb2 Nb8 70.Kd2 Nd7 71.Nd1 Bxd5 72.cxd5 Bf6 73.Bh5 Kxd5 74.Bf7+ Kd6 
75.Bg8 Nf8 76.Kc2 Ng6 77.Kc1 Ne7 78.Bf7 Nc8 79.Bg8 Ke7 80.Kd2 Nd6 81.Bd5 
Kf8 82.Ke2 Kg7 83.Kd2 Kg6 84.Ke2 Nb5 85.Be6 Nd6 86.Bd5 Bh8 87.Be6 Ba1 88.
Bd5 Kh5 89.Kf2 Kh4 90.Kg2 Bc3 91.Be6 Kh5 92.Kf2 Bh8 93.Bd5 Bg7 94.Bg8 Kg6 
95.Bd5 Ba1 96.Ke2 Bf6 97.Kf2 Kg7 98.Ke2 Kg6 99.Kf2 Kh5 100.Be6 Kh4 101.Kg2
Bc3 102.Kh2 Bd2 103.Kg2 Bc1 104.Kh2 Kh5 105.Kg2 Kg6 106.Kf2 Kf6 107.Bd7 c4
108.bxc4 Nxc4 109.Ba4 Nd6 110.Ke2 Nb7 111.Nf2 Nc5 112.Bc2 Ke6 113.Nh1 b3 
114.Bd1 b2 0-1

[Event "1st EUR-ch"]
[Site "Saint Vincent ITA"]
[Date "2000.07.12"]
[Round "9"]
[White "Ubezio, Marco"]
[Black "Franco Ocampos, Zenon"]
[Result "0-1"]
[WhiteElo "2209"]
[BlackElo "2512"]
[EventDate "2000.07.03"]
[PlyCount "74"]

1.d4 c5 2.dxc5 e6 3.Nc3 Bxc5 4.Ne4 d5 5.Nxc5 Qa5+ 6.c3 Qxc5 7.e4 dxe4 8.
Qg4 Kf8 9.Qxe4 Nf6 10.Qh4 Nc6 11.Be3 Qa5 12.Nf3 Ne7 13.Qd4 Nfd5 14.Qc5 
Qxc5 15.Bxc5 b6 16.Ba3 f6 17.g3 Kf7 18.c4 Nc7 19.Bg2 Bd7 20.Nd4 Rac8 21.
O-O e5 22.Rfe1 Ne6 23.Nxe6 Bxe6 24.f4 Rxc4 25.fxe5 f5 26.Rac1 Rhc8 27.Rxc4
Rxc4 28.Rd1 Ng6 29.Rd8 Rc1+ 30.Kf2 Rc2+ 31.Kg1 Nxe5 32.h3 Nc4 33.Rf8+ Kg6 
34.Be7 Rxb2 35.g4 Ne3 36.Bf3 Rxa2 37.g5 Bd5 0-1

[Event "1st EUR-ch"]
[Site "Saint Vincent ITA"]
[Date "2000.07.12"]
[Round "9"]
[White "Van der Weide, Karel"]
[Black "Dittmar, Peter"]
[Result "1/2-1/2"]
[WhiteElo "2467"]
[BlackElo "2364"]
[EventDate "2000.07.03"]
[PlyCount "39"]

1.e4 e6 2.d4 d5 3.Nc3 Bb4 4.e5 Ne7 5.a3 Bxc3+ 6.bxc3 b6 7.Qg4 Ng6 8.h4 h5 
9.Qg3 Ba6 10.Bxa6 Nxa6 11.Bg5 Qd7 12.Ne2 Qa4 13.Kd2 c5 14.Rhc1 Nb8 15.Be3 
Nc6 16.Qg5 Rc8 17.g4 hxg4 18.h5 Nge7 19.Qxg7 Rxh5 20.Rh1 1/2-1/2

[Event "1st EUR-ch"]
[Site "Saint Vincent ITA"]
[Date "2000.07.12"]
[Round "9"]
[White "Yakovich, Yury"]
[Black "Rabinovich, Alexander"]
[Result "1-0"]
[WhiteElo "2585"]
[BlackElo "2424"]
[EventDate "2000.07.03"]
[PlyCount "69"]

1.d4 d5 2.c4 e6 3.Nf3 c6 4.e3 f5 5.Bd3 Bd6 6.O-O Nd7 7.b3 Qe7 8.a4 Ngf6 9.
Ba3 Bxa3 10.Nxa3 Ne4 11.Nc2 a5 12.c5 O-O 13.b4 axb4 14.Nxb4 e5 15.Qc2 Rf6 
16.a5 Rh6 17.g3 g5 18.Nxe5 Nxe5 19.dxe5 g4 20.Be2 Nxc5 21.Qb2 Ne4 22.Rfc1 
Qg5 23.Nd3 Qe7 24.Nf4 Ng5 25.Qb6 Nf7 26.a6 Rb8 27.e6 Bxe6 28.Rxc6 Nd8 29.
Rc7 Qf8 30.axb7 Bd7 31.Qa7 Nc6 32.Qa2 Nb4 33.Qa8 Na6 34.Rxa6 Rxa6 35.Qxa6 
1-0